<?xml version="1.0" encoding="UTF-8"?>
<marc:record xmlns:marc="http://www.loc.gov/MARC21/slim">
   <marc:leader>00000nam a2200000 a 4500</marc:leader>
   <marc:datafield ind1="1" ind2=" " tag="100">
      <marc:subfield code="a">Weinhold, Angela</marc:subfield>
      <marc:subfield code="4">aut</marc:subfield>
      <marc:subfield code="e">Verfasser/-in</marc:subfield>
   </marc:datafield>
   <marc:datafield ind1=" " ind2=" " tag="653">
      <marc:subfield code="a">Dinosaurier</marc:subfield>
   </marc:datafield>
   <marc:datafield ind1="0" ind2="0" tag="245">
      <marc:subfield code="a">Die Dinosaurier</marc:subfield>
   </marc:datafield>
   <marc:datafield ind1="0" ind2="0" tag="245">
      <marc:subfield code="c">Weinhold, Angela</marc:subfield>
   </marc:datafield>
   <marc:datafield ind1=" " ind2="1" tag="264">
      <marc:subfield code="a">Ravensburg</marc:subfield>
      <marc:subfield code="b">Ravensburger Buchverl.</marc:subfield>
   </marc:datafield>
   <marc:datafield ind1="1" ind2=" " tag="490">
      <marc:subfield code="a">Wieso?Weshalb?Warum?junior</marc:subfield>
      <marc:subfield code="v">25</marc:subfield>
   </marc:datafield>
   <marc:datafield ind1="1" ind2=" " tag="520">
      <marc:subfield code="a">So lernen 2 - 3-Jährige die Welt der Dinosaurier kennen. (ab 2) (JN)      Die Bände dieser Reihe sind nicht nur handlich, sondern sie erfreuen auch durch die zahlreichen Pop-up-Elemente, die das Thema bereits interessierten Kleinkindern   näherbringen. Dass auch noch 6-Jährige gerne darin blättern, liegt an der unaufdringlichen Präsentation des Wissens: für die einen ein buntes Bilderbuch, das gut in der Hand liegt, für die anderen ein guter Zugang zu Sachbüchern.  Als Ergänzung der Reihe allen Büchereien sehr zu empfehlen, gelegentliche Niedlichkeiten wie etwa die braunen Kulleraugen des Titel-Dinos können doch einfach als nette Einladung zum Blättern und Staunen verstanden werden.  *bn* Christina Repolust</marc:subfield>
   </marc:datafield>
   <marc:datafield ind1=" " ind2=" " tag="020">
      <marc:subfield code="a">9783473327973</marc:subfield>
      <marc:subfield code="9">9783473327973</marc:subfield>
   </marc:datafield>
   <marc:datafield ind1=" " ind2=" " tag="020">
      <marc:subfield code="a">3473327972</marc:subfield>
      <marc:subfield code="9">3473327972</marc:subfield>
   </marc:datafield>
   <marc:datafield ind1=" " ind2=" " tag="041">
      <marc:subfield code="a">ger</marc:subfield>
   </marc:datafield>
   <marc:datafield ind1="0" ind2=" " tag="490">
      <marc:subfield code="v">25</marc:subfield>
   </marc:datafield>
   <marc:datafield ind1=" " ind2=" " tag="338">
      <marc:subfield code="a">Band</marc:subfield>
   </marc:datafield>
   <marc:datafield ind1=" " ind2=" " tag="300">
      <marc:subfield code="a">[16] S. : überw. Ill</marc:subfield>
   </marc:datafield>
</marc:record>
